| 000 | 01808cam0 2200385 ib4500 | ||
|---|---|---|---|
| 001 | BY-MI0000-br2147982849 | ||
| 005 | 20260126110956.0 | ||
| 010 |
^a978-5-08-007240-6 ^bв переплете |
||
| 100 | ^a20260115d2024 bc y0rusy50 ca | ||
| 101 | 0 | ^arus | |
| 102 | ^aBY | ||
| 105 | ^aa z 000fy | ||
| 109 | ^ama | ||
| 200 | 1 |
^aБасни, сказки, рассказы ^e[для среднего школьного возраста] ^fЛ. Н. Толстой ^gвступительная статья К. Ломунова ^gхудожник С. Яровой |
|
| 210 |
^aМосква ^cДетская литература ^d2024 |
||
| 215 |
^a158, [1] с. ^cил. ^d21 см |
||
| 225 | 1 | ^aСерия "Школьная библиотека" | |
| 345 | ^93000 экз. | ||
| 606 |
^aРАССКАЗЫ ^3BY-NLB-ar2670465 ^2DVNLB |
||
| 606 |
^aСКАЗКИ ^3BY-NLB-ar2690406 ^2DVNLB |
||
| 606 |
^aБАСНИ ^3BY-NLB-ar2685086 ^2DVNLB |
||
| 606 |
^aХУДОЖЕСТВЕННАЯ ЛИТЕРАТУРА ^3BY-NLB-ar37179 ^2DVNLB |
||
| 606 |
^aРУССКАЯ ЛИТЕРАТУРА ^3BY-NLB-ar28702 ^2DVNLB |
||
| 608 |
^3BY-NLB-ar9019 ^aДЕТСКАЯ И ЮНОШЕСКАЯ ЛИТЕРАТУРА (художеств. произведение) ^2BYGNR |
||
| 686 |
^a84(2Рос)5-4 + 84(2Рос)5-5 ^2rubbk |
||
| 690 |
^a1 ^2Base ^9BY-MI0000 ^xRSEK |
||
| 700 | 1 |
^3BY-NLB-ar2305130 ^aТолстой ^bЛ. Н. |
|
| 702 | 1 |
^aЯровой ^bС. Д. ^4040 |
|
| 702 | 1 |
^aЛомунов ^bК. Н. ^gКонстантин Николаевич ^cдоктор филологических наук ^f1911—2005 ^3BY-SEK-908536 ^4080 |
|
| 801 | 0 |
^aBY ^bBY-MI0000 ^c20260115 ^gRCR |
|
| 035 | ^a(BY-MI0000)BY-MI0000-br2147982849 | ||
| 899 | 0 |
^aBY-MI0000 ^iТ53 ^h84(2Рос)5 |
|